BIBLIOTECA

SENCICO

Abastecimiento de agua potable / (Registro nro. 4427)

Detalles MARC
000 -LEADER
fixed length control field 01023nam a22002417a 4500
003 - CONTROL NUMBER IDENTIFIER
control field PE SENCICO BE
005 - DATE AND TIME OF LATEST TRANSACTION
control field 20251020182646.0
008 - FIXED-LENGTH DATA ELEMENTS--GENERAL INFORMATION
fixed length control field 231110b |||||||| |||| 00| 0 eng d
040 ## - CATALOGING SOURCE
Original cataloging agency PE SENCICO BE
Transcribing agency PE SENCICO BE
041 ## - LANGUAGE CODE
Language code of text/sound track or separate title spa
084 ## - OTHER CLASSIFICATION NUMBER
Classification number I
-- RED
-- 2018
Item number L32
100 1# - MAIN ENTRY--PERSONAL NAME
9 (RLIN) 1768
Personal name Lazaro Cespedes, Juan Carlos
Relator term autor
245 1# - TITLE STATEMENT
Title Abastecimiento de agua potable /
Statement of responsibility, etc. Juan Carlos Lazaro Cespedes
260 ## - PUBLICATION, DISTRIBUTION, ETC.
Place of publication, distribution, etc. Lima :
Date of publication, distribution, etc. 2018
300 ## - PHYSICAL DESCRIPTION
Extent [27] h. :
Other physical details il. col., diagrs., tabls. ;
Dimensions 30 cm.
502 ## - DISSERTATION NOTE
Dissertation note Monografía de Titulación.-- Servicio Nacional de Capacitación para la Industria de la Construcción. Escuela Superior Técnica. Carrera Profesional Técnica en Redes de Agua Potable y Agua Residual, 2018
650 10 - SUBJECT ADDED ENTRY--TOPICAL TERM
9 (RLIN) 355
Topical term or geographic name entry element Abastecimiento de agua
650 20 - SUBJECT ADDED ENTRY--TOPICAL TERM
9 (RLIN) 1763
Topical term or geographic name entry element Sistema de agua potable y alcantarillado
650 20 - SUBJECT ADDED ENTRY--TOPICAL TERM
9 (RLIN) 55
Topical term or geographic name entry element Saneamiento
710 1# - ADDED ENTRY--CORPORATE NAME
Corporate name or jurisdiction name as entry element Servicio Nacional de Capacitación para la Industria de la Construcción.
Subordinate unit Escuela Superior Técnica
9 (RLIN) 1065
910 ## - USER-OPTION DATA (OCLC)
-- hfp
-- hfp
942 ## - ADDED ENTRY ELEMENTS (KOHA)
Koha item type Monografía de Titulación
Existencias
Fecha de la última vez que lo usaron Número de ingreso o de inventario Pago total Signatura topográfica completa Código de barras Precio efectivo desde Tipo de documento Estado perdido Estado dañado No es para préstamo Retirado Ubicación permanente Ubicación actual Fecha de adquisición
10/11/2023 I-00251   I/RED/2018/L32 BibLima23110014 10/11/2023 Monografía de Titulación         Biblioteca Central Lima Biblioteca Central Lima 09/11/2023